000 02638cam a2200577 i 4500
001 22214437
003 JO-AjAnu
005 20241016094954.0
008 210902t20212021enka e 001 0 eng d
010 _a 2021289453
015 _aGBC0H0079
_2bnb
016 7 _a019997400
_2Uk
020 _a9780241479285
_qhardcover
020 _a0241479282
_qhardcover
035 _a(OCoLC)on1222804534
040 _aUKMGB
_beng
_cUKMGB
_erda
_dOCLCO
_dOCLCF
_dYDX
_dBDX
_dSINLB
_dTOH
_dCLE
_dOI6
_dYDX
_dUAP
_dOCLCO
_dAU@
_dNZAUC
_dLEB
_dOCLCO
_dOCL
_dDLC
_dJO-AjAnu
042 _alccopycat
050 0 0 _aTX324
_b.C376 2021
082 0 4 _a648.8
_223
100 1 _aCarter, Dilly,
_eauthor.
245 1 0 _aCreate space :
_bdeclutter your home to clear your mind /
_cDilly Carter.
264 1 _aLondon :
_bDorling Kindersley Limited,
_c2021.
264 4 _c©2021
300 _a191 pages :
_billustrations (chiefly color) ;
_c23 cm
336 _atext
_btxt
_2rdacontent
336 _astill image
_bsti
_2rdacontent
337 _aunmediated
_bn
_2rdamedia
338 _avolume
_bnc
_2rdacarrier
500 _aIncludes index.
505 0 _aChaos -- Bedroom -- Bathroom -- Kitchen -- Utility -- Dining -- Living -- Entrance -- Office -- Kids -- Spare spaces -- Calm -- Resources.
520 _aCreate Space shows you how taking steps to clear and simplify your living space can also clear your mind, improve your relationships, and enhance your well-being. This room-by-room guide to organizing and decluttering your home is packed with ideas, advice, tips, and techniques that are practical and functional as well as beautiful. Turn chaos into calm with step-by-step methods that you can adapt and sustain for your own needs.--
_cAmazon.
650 0 _aStorage in the home.
650 0 _aOrderliness.
650 0 _aHouse cleaning.
650 0 _aInterior decoration.
650 7 _aHOUSE & HOME / General.
_2bisacsh
650 7 _aInterior decoration.
_2fast
_0(OCoLC)fst00976327
650 7 _aHouse cleaning.
_2fast
_0(OCoLC)fst00961913
650 7 _aOrderliness.
_2fast
_0(OCoLC)fst01047394
650 7 _aStorage in the home.
_2fast
_0(OCoLC)fst01133990
653 _aHousehold
653 _aInterior decoration & furnishings
653 _aSelf-help & personal development
655 7 _aSelf-help publications.
_2fast
_0(OCoLC)fst01941328
655 7 _aHandbooks and manuals.
_2fast
_0(OCoLC)fst01423877
655 7 _aSelf-help publications.
_2lcgft
655 7 _aHandbooks and manuals.
_2lcgft
906 _a7
_bcbc
_ccopycat
_d2
_encip
_f20
_gy-gencatlg
942 _2lcc
_cBK
_n0
999 _c33715
_d33715